| 000 | | | 03803nmc2a22000003x 450 |
| 001 | | | 2cf6dd38-3068-4e3c-9b90-5fc927996a55 |
| 005 | | | 20181229103641.0 |
| 100 | ## | $a | 20170704l18491851k l0rusy0189 ca |
| 101 | 0# | $a | rus |
| 102 | ## | $a | RU |
| 200 | 1# | $a | Дело о службе состоявшего в ведомстве Театральной дирекции, уволенного с пенсионом сторожа при театре-цирке отставного унтер-офицера Дементия Михайлова |
| | $j | 11 ноября 1849 г. - 15 июля 1851 г. |
| 251 | ## | $c | Дело |
| 300 | ## | $a | По Санкт-Петербургской дирекции за 1849 год |
| 300 | ## | $a | Дело |
| 801 | #0 | $a | RU |
| | $b | РГИА |
| | $c | 20170704 |
| | $g | RCR |
| 801 | #1 | $a | RU |
| | $b | ГлавНИВЦ |
| | $c | 20170704 |
| | $2 | rusmarc |
| 801 | #2 | $a | RU |
| | $b | ПБ им. Б.Н. Ельцина |
| | $c | 20181229 |
| | $g | RCR |
| | $2 | rusmarc |
| 850 | ## | $a | РГИА |
| 852 | ## | $a | РГИА |
| | $e | Федеральное казенное учреждение "Российский государственный исторический архив" (РГИА) |
| | $j | 12134 |
| 937 | ## | $h | РГИА |
| | $d | 12246115 |
| | $a | ASBIBLIO_SCAN |
| 462 | #0 | $1 | 001dd3991dc-24e1-42ec-8838-ca4255420416 |
| | $1 | 2001 |
| | $a | 1746-1850 гг. |
| | $1 | 251 |
| | $c | Опись |
| | $1 | 852 |
| | $j | 1 |
| 461 | #0 | $1 | 0019264ebf8-de62-4f1a-9eb4-9f22098dbbd5 |
| | $1 | 2001 |
| | $a | Дирекция императорских театров МИДв |
| | $1 | 251 |
| | $c | Фонд |
| | $1 | 852 |
| | $j | 497 |
| 215 | ## | $a | 9 л. |
| | $d | 36,5х26 см |
| 371 | ## | $a | Документ не является опубликованным и широко распространяемым |
| 105 | ## | $a | y### |
| 122 | 2# | $a | d |
| 035 | ## | $a | 2cf6dd38-3068-4e3c-9b90-5fc927996a55 |
| 856 | ## | $u | http://readingroom.main.prlib.ru/item.aspx?id_node=n122663476&mode=full |